000 00405nam a2200169Ia 4500
001 6870
003 IN-NITTTR
005 20251114233023.0
008 251113s9999||||xx |||||||||||||| ||eng||
040 _beng
040 _cIN-NITTTR
041 _aeng
082 _a621.3193 A67E
100 _aDass, Arora B.
245 0 _aElectrical workshop engineering and practice /
_cDass, Arora B.
942 _2ddc
_cBK
999 _c9508
_d9508